000 00461nam a2200169Ia 4500
003 GCL
008 140319s9999 xx 000 0 eng d
040 _aGCL /
_cGCL
082 0 4 _a694
_bB C
100 1 _aBRETT, PETER
245 1 0 _aCARPENTERY AND JOINERY FOR BUILDING CRAFT STUDENTS 1 , 2 /
_cBRETT, PETER
260 _a[S.N] :
_bMUTCHINSON & CO (PUBLISHES) LTD. ،
_c1981
300 _a189 P
650 0 4 _aCARPENTRY
650 0 4 _aJOINERY
942 _2ddc
_cBK
999 _c20655
_d20655